| 000 | 00635nam a2200217 i 4500 | ||
|---|---|---|---|
| 001 | 126033 | ||
| 003 | ES-MaACL | ||
| 005 | 20250929063200.0 | ||
| 007 | t| | ||
| 008 | 190718s1933 fr r ||||1| fre d | ||
| 100 | 1 |
_aDeffontaines, Pierre, _d1894-1978 _943201 |
|
| 245 | 1 | 2 |
_aL'homme et la forêt / _cPierre Deffontaines. |
| 260 |
_a[Paris] : _bGallimard, _c1933. |
||
| 300 |
_a188 p., 14 lám. : _bil. ; _c23 cm. |
||
| 490 | 1 | _aGéographie humaine | |
| 650 | 0 | 4 |
_aSilvicultura. _917101 |
| 650 | 4 |
_aBosques. _9167563 |
|
| 830 | 0 |
_aGéographie humaine _9183335 |
|
| 852 |
_aES-MaACL _jP-709-2 |
||
| 999 |
_c126033 _d126033 |
||